[Event "8th Vellmar Chess Days"]
[Site "chess24.com"]
[Date "2016.07.30"]
[Round "5"]
[White "Ziegenfuss, Antonia"]
[Black "Kobs, Stephan"]
[Result "0-1"]
[Board "36"]
[WhiteElo "1728"]
[WhiteCountry "GER"]
[WhiteFideId "12962554"]
[WhiteEloChange "-5"]
[BlackElo "1933"]
[BlackCountry "GER"]
[BlackFideId "4684656"]
[BlackEloChange "5"]

1. e4 {[%clk 1:30:58]} e5 {[%clk 1:30:43]} 2. Nf3 {[%clk 1:31:15]} Nc6 {[%clk
1:30:50]} 3. Bc4 {[%clk 1:31:34]} Nf6 {[%clk 1:29:17]} 4. Ng5 {[%clk 1:31:24]} d5
{[%clk 1:28:39]} 5. exd5 {[%clk 1:31:43]} Na5 {[%clk 1:28:25]} 6. Bb5+ {[%clk
1:32:02]} c6 {[%clk 1:28:25]} 7. dxc6 {[%clk 1:32:23]} bxc6 {[%clk 1:28:49]} 8.
Qf3 {[%clk 1:32:25]} Bd7 {[%clk 1:26:00]} 9. Bd3 {[%clk 1:27:18]} h6 {[%clk
1:15:24]} 10. Ne4 {[%clk 1:26:57]} Nd5 {[%clk 1:05:22]} 11. Ng3 {[%clk 1:18:30]}
Bd6 {[%clk 0:53:43]} 12. O-O {[%clk 1:15:00]} g6 {[%clk 0:44:51]} 13. c4 {[%clk
0:58:44]} Nf4 {[%clk 0:40:40]} 14. b3 {[%clk 0:56:36]} Nxd3 {[%clk 0:31:13]} 15.
Qxd3 {[%clk 0:56:58]} Nb7 {[%clk 0:30:59]} 16. Ne4 {[%clk 0:46:41]} Bc7 {[%clk
0:22:19]} 17. Qg3 {[%clk 0:41:11]} Qe7 {[%clk 0:18:05]} 18. Ba3 {[%clk 0:32:49]}
Qe6 {[%clk 0:17:48]} 19. Nbc3 {[%clk 0:26:23]} f5 {[%clk 0:15:12]} 20. Nc5 {[%clk
0:26:16]} Nxc5 {[%clk 0:15:14]} 21. Bxc5 {[%clk 0:26:41]} Kf7 {[%clk 0:11:16]}
22. Rfe1 {[%clk 0:22:09]} Rhe8 {[%clk 0:08:48]} 23. Qh3 {[%clk 0:16:41]} Kg7
{[%clk 0:08:47]} 24. d4 {[%clk 0:13:31]} Qf6 {[%clk 0:08:28]} 25. d5 {[%clk
0:13:03]} Bb6 {[%clk 0:06:02]} 26. Ba3 {[%clk 0:09:06]} Bd4 {[%clk 0:05:10]} 27.
Rad1 {[%clk 0:08:44]} e4 {[%clk 0:03:04]} 28. Bb2 {[%clk 0:04:48]} e3 {[%clk
0:03:22]} 29. fxe3 {[%clk 0:01:22]} Bxc3 {[%clk 0:03:37]} 30. Bxc3 {[%clk
0:01:40]} Qxc3 {[%clk 0:04:03]} 31. dxc6 {[%clk 0:01:26]} Bxc6 {[%clk 0:04:28]}
32. Qg3 {[%clk 0:01:25]} Qe5 {[%clk 0:04:16]} 33. Qh4 {[%clk 0:00:56]} Qe4 {[%clk
0:03:09]} 34. Qg3 {[%clk 0:00:59]} Qe5 {[%clk 0:02:56]} 35. Qh4 {[%clk 0:01:10]}
Re7 {[%clk 0:02:33]} 36. Qd4 {[%clk 0:01:13]} Rae8 {[%clk 0:02:49]} 37. Qd2
{[%clk 0:01:10]} Rd7 {[%clk 0:02:13]} 38. Qc1 {[%clk 0:01:19]} Rxd1 {[%clk
0:02:12]} 39. Qxd1 {[%clk 0:01:42]} f4 {[%clk 0:02:16]} 0-1

[Event "8th Vellmar Chess Days"]
[Site "chess24.com"]
[Date "2016.07.30"]
[Round "5"]
[White "Kothe, Erik"]
[Black "Schindelmeiser, Frank"]
[Result "1/2-1/2"]
[Board "37"]
[WhiteElo "1877"]
[WhiteTeam "Landeck Schenklengsfeld"]
[WhiteCountry "GER"]
[WhiteFideId "24628573"]
[WhiteEloChange "3"]
[BlackElo "2000"]
[BlackTeam "SV Oberursel"]
[BlackCountry "GER"]
[BlackFideId "12976580"]
[BlackEloChange "-3"]

1. e4 {[%clk 1:30:30]} c5 {[%clk 1:30:30]} 2. Nf3 {[%clk 1:30:30]} g6 {[%clk
1:30:30]} 3. d4 {[%clk 1:30:30]} cxd4 {[%clk 1:30:30]} 4. Nxd4 {[%clk 1:30:30]}
Nc6 {[%clk 1:30:30]} 5. Nc3 {[%clk 1:30:30]} Bg7 {[%clk 1:30:30]} 6. Be3 {[%clk
1:30:30]} Nf6 {[%clk 1:30:30]} 7. Be2 {[%clk 1:30:30]} O-O {[%clk 1:30:30]} 8.
Qd2 {[%clk 1:30:30]} d5 {[%clk 1:30:30]} 9. exd5 {[%clk 1:30:30]} Nxd5 {[%clk
1:30:30]} 10. Nxc6 {[%clk 1:30:30]} bxc6 {[%clk 1:30:30]} 11. Bd4 {[%clk
1:30:30]} e5 {[%clk 1:30:30]} 12. Bc5 {[%clk 1:30:30]} Nxc3 {[%clk 1:30:30]} 13.
Bxf8 {[%clk 1:30:30]} Qxd2+ {[%clk 1:30:30]} 14. Kxd2 {[%clk 1:30:30]} Ne4+
{[%clk 1:30:30]} 15. Ke3 {[%clk 1:30:30]} Bxf8 {[%clk 1:30:30]} 16. Kxe4 {[%clk
1:30:30]} Bf5+ {[%clk 1:30:30]} 17. Kf3 {[%clk 1:30:30]} e4+ {[%clk 1:30:30]} 18.
Ke3 {[%clk 1:30:30]} Rd8 {[%clk 1:30:30]} 19. Rad1 {[%clk 1:30:30]} Bc5+ {[%clk
1:30:30]} 20. Kf4 {[%clk 1:30:30]} Bd6+ {[%clk 1:30:30]} 21. Ke3 {[%clk 1:30:30]}
Bc5+ {[%clk 1:30:30]} 22. Kf4 {[%clk 1:30:30]} Bd6+ {[%clk 1:30:30]} 1/2-1/2

[Event "8th Vellmar Chess Days"]
[Site "chess24.com"]
[Date "2016.07.30"]
[Round "5"]
[White "Nielsen, Michael Volstrup"]
[Black "Schirra, Maurice"]
[Result "0-1"]
[Board "38"]
[WhiteElo "1827"]
[WhiteTeam "Sydøstlolland Skakklub"]
[WhiteCountry "DEN"]
[WhiteFideId "1454749"]
[WhiteEloChange "-7"]
[BlackElo "1947"]
[BlackTeam "TG Wehlheiden"]
[BlackCountry "GER"]
[BlackFideId "12941115"]
[BlackEloChange "7"]

1. d4 {[%clk 1:30:30]} f5 {[%clk 1:30:30]} 2. Bg5 {[%clk 1:30:30]} g6 {[%clk
1:30:30]} 3. Nc3 {[%clk 1:30:30]} Bg7 {[%clk 1:30:30]} 4. e4 {[%clk 1:30:30]}
fxe4 {[%clk 1:30:30]} 5. Nxe4 {[%clk 1:30:30]} d5 {[%clk 1:30:30]} 6. Ng3 {[%clk
1:30:30]} Nh6 {[%clk 1:30:30]} 7. Nf3 {[%clk 1:30:30]} Nf7 {[%clk 1:30:30]} 8.
Bf4 {[%clk 1:30:30]} Bg4 {[%clk 1:30:30]} 9. Be2 {[%clk 1:30:30]} Nc6 {[%clk
1:30:30]} 10. c3 {[%clk 1:30:30]} O-O {[%clk 1:30:30]} 11. Qd2 {[%clk 1:30:30]}
e5 {[%clk 1:30:30]} 12. dxe5 {[%clk 1:30:30]} Bxe5 {[%clk 1:30:30]} 13. Nxe5
{[%clk 1:30:30]} Nfxe5 {[%clk 1:30:30]} 14. f3 {[%clk 1:30:30]} Be6 {[%clk
1:30:30]} 15. h4 {[%clk 1:30:30]} Qd6 {[%clk 1:30:30]} 16. Bxe5 {[%clk 1:30:30]}
Qxe5 {[%clk 1:30:30]} 17. Qg5 {[%clk 1:30:30]} Qxg5 {[%clk 1:30:30]} 18. hxg5
{[%clk 1:30:30]} Ne5 {[%clk 1:30:30]} 19. Rh4 {[%clk 1:30:30]} Nf7 {[%clk
1:30:30]} 20. Rb4 {[%clk 1:30:30]} b6 {[%clk 1:30:30]} 21. f4 {[%clk 1:30:30]}
Nd6 {[%clk 1:30:30]} 22. Bf3 {[%clk 1:30:30]} c5 {[%clk 1:30:30]} 23. Ra4 {[%clk
1:30:30]} a5 {[%clk 1:30:30]} 24. O-O-O {[%clk 1:30:30]} b5 {[%clk 1:30:30]} 25.
Ra3 {[%clk 1:30:30]} Nc4 {[%clk 1:30:30]} 26. Rb3 {[%clk 1:30:30]} Rab8 {[%clk
1:30:30]} 27. a4 {[%clk 1:30:30]} bxa4 {[%clk 1:30:30]} 28. Rxb8 {[%clk 1:30:30]}
Rxb8 {[%clk 1:30:30]} 29. Bxd5 {[%clk 1:30:30]} Bxd5 {[%clk 1:30:30]} 30. Rxd5
{[%clk 1:30:30]} Nxb2 {[%clk 1:30:30]} 31. Ne4 {[%clk 1:30:30]} a3 {[%clk
1:30:30]} 32. Kb1 {[%clk 1:30:30]} Nc4+ {[%clk 1:30:30]} 33. Ka1 {[%clk 1:30:30]}
Rb2 {[%clk 1:30:30]} 34. Rxc5 {[%clk 1:30:30]} Ne3 {[%clk 1:30:30]} 35. Rc8+
{[%clk 1:30:30]} Kg7 {[%clk 1:30:30]} 36. Rc7+ {[%clk 1:30:30]} Kf8 {[%clk
1:30:30]} 37. Rc8+ {[%clk 1:30:30]} Ke7 {[%clk 1:30:30]} 0-1

[Event "8th Vellmar Chess Days"]
[Site "chess24.com"]
[Date "2016.07.30"]
[Round "5"]
[White "Mueller, Mark"]
[Black "Hommer, Jeremy"]
[Result "1/2-1/2"]
[Board "39"]
[WhiteElo "1932"]
[WhiteTeam "SC Diez"]
[WhiteCountry "GER"]
[WhiteFideId "12997218"]
[WhiteEloChange "-3"]
[BlackElo "1813"]
[BlackTeam "SC Lüneburg"]
[BlackCountry "GER"]
[BlackFideId "12992577"]
[BlackEloChange "3"]

1. e4 {[%clk 1:30:30]} c6 {[%clk 1:30:30]} 2. d4 {[%clk 1:30:30]} d5 {[%clk
1:30:30]} 3. exd5 {[%clk 1:30:30]} cxd5 {[%clk 1:30:30]} 4. Bd3 {[%clk 1:30:30]}
Nc6 {[%clk 1:30:30]} 5. c3 {[%clk 1:30:30]} Nf6 {[%clk 1:30:30]} 6. Bf4 {[%clk
1:30:30]} Bg4 {[%clk 1:30:30]} 7. Qb3 {[%clk 1:30:30]} Qd7 {[%clk 1:30:30]} 8.
Nd2 {[%clk 1:30:30]} e6 {[%clk 1:30:30]} 9. Ngf3 {[%clk 1:30:30]} Be7 {[%clk
1:30:30]} 10. Ne5 {[%clk 1:30:30]} Qc8 {[%clk 1:30:30]} 11. Nxg4 {[%clk 1:30:30]}
Nxg4 {[%clk 1:30:30]} 12. h3 {[%clk 1:30:30]} Nf6 {[%clk 1:30:30]} 13. O-O {[%clk
1:30:30]} O-O {[%clk 1:30:30]} 14. Rfe1 {[%clk 1:30:30]} a6 {[%clk 1:30:30]} 15.
Nf3 {[%clk 1:30:30]} b5 {[%clk 1:30:30]} 16. a4 {[%clk 1:30:30]} Na5 {[%clk
1:30:30]} 17. Qc2 {[%clk 1:30:30]} Nc4 {[%clk 1:30:30]} 18. Ne5 {[%clk 1:30:30]}
Qb7 {[%clk 1:30:30]} 19. b4 {[%clk 1:30:30]} Rfc8 {[%clk 1:30:30]} 20. a5 {[%clk
1:30:30]} Nd6 {[%clk 1:30:30]} 21. f3 {[%clk 1:30:30]} Nde8 {[%clk 1:30:30]} 22.
Qd2 {[%clk 1:30:30]} Bd6 {[%clk 1:30:30]} 23. Rec1 {[%clk 1:30:30]} Qe7 {[%clk
1:30:30]} 24. g4 {[%clk 1:30:30]} Nd7 {[%clk 1:30:30]} 25. Bc2 {[%clk 1:30:30]}
Nf8 {[%clk 1:30:30]} 26. Kg2 {[%clk 1:30:30]} Rc7 {[%clk 1:30:30]} 27. Bb3 {[%clk
1:30:30]} 1/2-1/2

[Event "8th Vellmar Chess Days"]
[Site "chess24.com"]
[Date "2016.07.30"]
[Round "5"]
[White "Schnegelberger, Leon"]
[Black "Koronowski, Heinz-Juergen"]
[Result "1/2-1/2"]
[Board "40"]
[WhiteElo "1924"]
[WhiteTeam "Kasseler SK"]
[WhiteCountry "GER"]
[WhiteFideId "16211871"]
[WhiteEloChange "-5"]
[BlackElo "1730"]
[BlackTeam "SK Wildeshausen"]
[BlackCountry "GER"]
[BlackFideId "12943762"]
[BlackEloChange "5"]

1. d4 {[%clk 1:30:30]} Nf6 {[%clk 1:30:30]} 2. c4 {[%clk 1:30:30]} g6 {[%clk
1:30:30]} 3. Nc3 {[%clk 1:30:30]} d5 {[%clk 1:30:30]} 4. cxd5 {[%clk 1:30:30]}
Nxd5 {[%clk 1:30:30]} 5. e4 {[%clk 1:30:30]} Nxc3 {[%clk 1:30:30]} 6. bxc3 {[%clk
1:30:30]} Bg7 {[%clk 1:30:30]} 7. Nf3 {[%clk 1:30:30]} c5 {[%clk 1:30:30]} 8. Rb1
{[%clk 1:30:30]} O-O {[%clk 1:30:30]} 9. Be2 {[%clk 1:30:30]} Nc6 {[%clk
1:30:30]} 10. Be3 {[%clk 1:30:30]} cxd4 {[%clk 1:30:30]} 11. cxd4 {[%clk
1:30:30]} Qa5+ {[%clk 1:30:30]} 12. Qd2 {[%clk 1:30:30]} Qxd2+ {[%clk 1:30:30]}
13. Kxd2 {[%clk 1:30:30]} Rd8 {[%clk 1:30:30]} 14. Kd3 {[%clk 1:30:30]} b6 {[%clk
1:30:30]} 15. Rhd1 {[%clk 1:30:30]} Bb7 {[%clk 1:30:30]} 16. Kc2 {[%clk 1:30:30]}
Rac8 {[%clk 1:30:30]} 17. Kb2 {[%clk 1:30:30]} Na5 {[%clk 1:30:30]} 18. e5 {[%clk
1:30:30]} Bd5 {[%clk 1:30:30]} 19. Ba6 {[%clk 1:30:30]} Bb7 {[%clk 1:30:30]} 20.
Bd3 {[%clk 1:30:30]} Nc4+ {[%clk 1:30:30]} 21. Ka1 {[%clk 1:30:30]} Nxe3 {[%clk
1:30:30]} 22. fxe3 {[%clk 1:30:30]} e6 {[%clk 1:30:30]} 23. Rb3 {[%clk 1:30:30]}
Rc7 {[%clk 1:30:30]} 24. Kb2 {[%clk 1:30:30]} Rdc8 {[%clk 1:30:30]} 25. e4 {[%clk
1:30:30]} Bf8 {[%clk 1:30:30]} 26. Rd2 {[%clk 1:30:30]} Bh6 {[%clk 1:30:30]} 27.
Rc2 {[%clk 1:30:30]} Kf8 {[%clk 1:30:30]} 28. g4 {[%clk 1:30:30]} Bg7 {[%clk
1:30:30]} 29. Rbc3 {[%clk 1:30:30]} Rxc3 {[%clk 1:30:30]} 30. Rxc3 {[%clk
1:30:30]} Rxc3 {[%clk 1:30:30]} 31. Kxc3 {[%clk 1:30:30]} h6 {[%clk 1:30:30]} 32.
h4 {[%clk 1:30:30]} Ke7 {[%clk 1:30:30]} 33. g5 {[%clk 1:30:30]} h5 {[%clk
1:30:30]} 34. Nd2 {[%clk 1:30:30]} Kd7 {[%clk 1:30:30]} 35. Bb5+ {[%clk 1:30:30]}
Bc6 {[%clk 1:30:30]} 36. a4 {[%clk 1:30:30]} Bf8 {[%clk 1:30:30]} 37. d5 {[%clk
1:30:30]} Bxb5 {[%clk 1:30:30]} 38. axb5 {[%clk 1:30:30]} Bc5 {[%clk 1:30:30]}
39. Kd3 {[%clk 1:30:30]} Bf2 {[%clk 1:30:30]} 40. Nf3 {[%clk 1:30:30]} Bc5 {[%clk
1:30:30]} 41. Ke2 {[%clk 1:30:30]} Kc7 {[%clk 1:30:30]} 42. Ne1 {[%clk 1:30:30]}
Bd4 {[%clk 1:30:30]} 43. Nd3 {[%clk 1:30:30]} Bc3 {[%clk 1:30:30]} 44. Ke3 {[%clk
1:30:30]} Kd7 {[%clk 1:30:30]} 45. Ke2 {[%clk 1:30:30]} Ke7 {[%clk 1:30:30]} 46.
Kd1 {[%clk 1:30:30]} Kd7 {[%clk 1:30:30]} 47. Kc2 {[%clk 1:30:30]} Bd4 {[%clk
1:30:30]} 48. Kb3 {[%clk 1:30:30]} Be3 {[%clk 1:30:30]} 49. Kc4 {[%clk 1:30:30]}
Ke7 {[%clk 1:30:30]} 50. Kc3 {[%clk 1:30:30]} 1/2-1/2

[Event "8th Vellmar Chess Days"]
[Site "chess24.com"]
[Date "2016.07.30"]
[Round "5"]
[White "Mueller, Tobias"]
[Black "Wuestehube, Harry"]
[Result "1/2-1/2"]
[Board "41"]
[WhiteElo "1672"]
[WhiteTeam "SK Gernsheim"]
[WhiteCountry "GER"]
[WhiteFideId "12947334"]
[WhiteEloChange "6"]
[BlackElo "1888"]
[BlackTeam "Kasseler SK"]
[BlackCountry "GER"]
[BlackFideId "24614084"]
[BlackEloChange "-6"]

1. d4 {[%clk 1:30:30]} Nf6 {[%clk 1:30:30]} 2. c4 {[%clk 1:30:30]} g6 {[%clk
1:30:30]} 3. Nf3 {[%clk 1:30:30]} Bg7 {[%clk 1:30:30]} 4. Nc3 {[%clk 1:30:30]}
O-O {[%clk 1:30:30]} 5. e4 {[%clk 1:30:30]} d6 {[%clk 1:30:30]} 6. Be2 {[%clk
1:30:30]} e5 {[%clk 1:30:30]} 7. O-O {[%clk 1:30:30]} Na6 {[%clk 1:30:30]} 8. a3
{[%clk 1:30:30]} exd4 {[%clk 1:30:30]} 9. Nxd4 {[%clk 1:30:30]} Nc5 {[%clk
1:30:30]} 10. f3 {[%clk 1:30:30]} a5 {[%clk 1:30:30]} 11. Be3 {[%clk 1:30:30]}
Ne6 {[%clk 1:30:30]} 12. Qc2 {[%clk 1:30:30]} Bd7 {[%clk 1:30:30]} 13. Rad1
{[%clk 1:30:30]} Qc8 {[%clk 1:30:30]} 14. Nxe6 {[%clk 1:30:30]} Bxe6 {[%clk
1:30:30]} 15. Nd5 {[%clk 1:30:30]} Bxd5 {[%clk 1:30:30]} 16. cxd5 {[%clk
1:30:30]} Qd7 {[%clk 1:30:30]} 17. a4 {[%clk 1:30:30]} b6 {[%clk 1:30:30]} 18.
Rc1 {[%clk 1:30:30]} Ra7 {[%clk 1:30:30]} 19. b3 {[%clk 1:30:30]} Qe7 {[%clk
1:30:30]} 20. Bg5 {[%clk 1:30:30]} h6 {[%clk 1:30:30]} 1/2-1/2

[Event "8th Vellmar Chess Days"]
[Site "chess24.com"]
[Date "2016.07.30"]
[Round "5"]
[White "Heckmann, Torsten"]
[Black "Kaufmann, Gunther"]
[Result "0-1"]
[Board "42"]
[WhiteElo "1928"]
[WhiteTeam "SVG Caissa Kassel"]
[WhiteCountry "GER"]
[WhiteFideId "24653896"]
[WhiteEloChange "-13"]
[BlackElo "1829"]
[BlackTeam "SG Donautal Tuttlingen"]
[BlackCountry "GER"]
[BlackFideId "4669509"]
[BlackEloChange "13"]

1. e4 {[%clk 1:30:30]} c5 {[%clk 1:30:30]} 2. Nf3 {[%clk 1:30:30]} e6 {[%clk
1:30:30]} 3. d4 {[%clk 1:30:30]} cxd4 {[%clk 1:30:30]} 4. Nxd4 {[%clk 1:30:30]}
a6 {[%clk 1:30:30]} 5. Nc3 {[%clk 1:30:30]} Qc7 {[%clk 1:30:30]} 6. Bd3 {[%clk
1:30:30]} Bc5 {[%clk 1:30:30]} 7. Nb3 {[%clk 1:30:30]} Be7 {[%clk 1:30:30]} 8.
O-O {[%clk 1:30:30]} Nf6 {[%clk 1:30:30]} 9. Be3 {[%clk 1:30:30]} b5 {[%clk
1:30:30]} 10. f4 {[%clk 1:30:30]} d6 {[%clk 1:30:30]} 11. f5 {[%clk 1:30:30]} e5
{[%clk 1:30:30]} 12. a4 {[%clk 1:30:30]} b4 {[%clk 1:30:30]} 13. Nd5 {[%clk
1:30:30]} Nxd5 {[%clk 1:30:30]} 14. exd5 {[%clk 1:30:30]} Bb7 {[%clk 1:30:30]}
15. Be4 {[%clk 1:30:30]} Nd7 {[%clk 1:30:30]} 16. a5 {[%clk 1:30:30]} Nf6 {[%clk
1:30:30]} 17. Qf3 {[%clk 1:30:30]} Nxe4 {[%clk 1:30:30]} 18. Qxe4 {[%clk
1:30:30]} Rc8 {[%clk 1:30:30]} 19. Qg4 {[%clk 1:30:30]} Bf6 {[%clk 1:30:30]} 20.
Nd2 {[%clk 1:30:30]} Bxd5 {[%clk 1:30:30]} 21. Qxb4 {[%clk 1:30:30]} Qc6 {[%clk
1:30:30]} 22. Ra3 {[%clk 1:30:30]} O-O {[%clk 1:30:30]} 23. Nf3 {[%clk 1:30:30]}
Rb8 {[%clk 1:30:30]} 24. Bb6 {[%clk 1:30:30]} Bd8 {[%clk 1:30:30]} 25. Qg4 {[%clk
1:30:30]} Bxb6+ {[%clk 1:30:30]} 26. axb6 {[%clk 1:30:30]} Qxb6+ {[%clk 1:30:30]}
27. Kh1 {[%clk 1:30:30]} f6 {[%clk 1:30:30]} 28. Nh4 {[%clk 1:30:30]} Qb4 {[%clk
1:30:30]} 29. Qh5 {[%clk 1:30:30]} Qxb2 {[%clk 1:30:30]} 30. Rh3 {[%clk 1:30:30]}
Qxc2 {[%clk 1:30:30]} 31. Ng6 {[%clk 1:30:30]} Qxg2# {[%clk 1:30:30]} 0-1

[Event "8th Vellmar Chess Days"]
[Site "chess24.com"]
[Date "2016.07.30"]
[Round "5"]
[White "Lukas, Anne"]
[Black "Reitz, Philipp"]
[Result "1-0"]
[Board "43"]
[WhiteElo "1821"]
[WhiteTeam "SK Gernsheim"]
[WhiteCountry "GER"]
[WhiteFideId "12945064"]
[WhiteEloChange "13"]
[BlackElo "1924"]
[BlackTeam "VfR-SC Koblenz"]
[BlackCountry "GER"]
[BlackFideId "12973297"]
[BlackEloChange "-13"]

1. d4 {[%clk 1:30:30]} d5 {[%clk 1:30:30]} 2. Nc3 {[%clk 1:30:30]} Nf6 {[%clk
1:30:30]} 3. Bf4 {[%clk 1:30:30]} e6 {[%clk 1:30:30]} 4. Nf3 {[%clk 1:30:30]} Bb4
{[%clk 1:30:30]} 5. a3 {[%clk 1:30:30]} Bd6 {[%clk 1:30:30]} 6. Bg5 {[%clk
1:30:30]} Nbd7 {[%clk 1:30:30]} 7. e3 {[%clk 1:30:30]} h6 {[%clk 1:30:30]} 8. Bh4
{[%clk 1:30:30]} c5 {[%clk 1:30:30]} 9. Nb5 {[%clk 1:30:30]} Bb8 {[%clk 1:30:30]}
10. c4 {[%clk 1:30:30]} Qa5+ {[%clk 1:30:30]} 11. Nc3 {[%clk 1:30:30]} Ne4 {[%clk
1:30:30]} 12. Qc2 {[%clk 1:30:30]} cxd4 {[%clk 1:30:30]} 13. b4 {[%clk 1:30:30]}
Qb6 {[%clk 1:30:30]} 14. Nxe4 {[%clk 1:30:30]} dxe4 {[%clk 1:30:30]} 15. Nxd4
{[%clk 1:30:30]} a5 {[%clk 1:30:30]} 16. c5 {[%clk 1:30:30]} Qc7 {[%clk 1:30:30]}
17. Rd1 {[%clk 1:30:30]} f5 {[%clk 1:30:30]} 18. Qb3 {[%clk 1:30:30]} Nf8 {[%clk
1:30:30]} 19. Bb5+ {[%clk 1:30:30]} Kf7 {[%clk 1:30:30]} 20. Nxf5 {[%clk
1:30:30]} Qe5 {[%clk 1:30:30]} 21. Nd4 {[%clk 1:30:30]} axb4 {[%clk 1:30:30]} 22.
axb4 {[%clk 1:30:30]} Bd7 {[%clk 1:30:30]} 23. Bxd7 {[%clk 1:30:30]} Nxd7 {[%clk
1:30:30]} 24. Nc6 {[%clk 1:30:30]} bxc6 {[%clk 1:30:30]} 25. Rxd7+ {[%clk
1:30:30]} Kg6 {[%clk 1:30:30]} 26. Bg3 {[%clk 1:30:30]} Ra1+ {[%clk 1:30:30]} 27.
Kd2 {[%clk 1:30:30]} Qf6 {[%clk 1:30:30]} 28. Rxa1 {[%clk 1:30:30]} Bxg3 {[%clk
1:30:30]} 29. hxg3 {[%clk 1:30:30]} Qxf2+ {[%clk 1:30:30]} 30. Kc1 {[%clk
1:30:30]} Qf1+ {[%clk 1:30:30]} 31. Rd1 {[%clk 1:30:30]} Qf6 {[%clk 1:30:30]} 32.
Ra7 {[%clk 1:30:30]} Rb8 {[%clk 1:30:30]} 33. Qb2 {[%clk 1:30:30]} 1-0

[Event "8th Vellmar Chess Days"]
[Site "chess24.com"]
[Date "2016.07.30"]
[Round "5"]
[White "Kluempen, Andreas"]
[Black "Reitz, Theresa"]
[Result "1-0"]
[Board "44"]
[WhiteElo "1917"]
[WhiteTeam "SG Ennepe-Ruhr-Süd"]
[WhiteCountry "GER"]
[WhiteFideId "16226305"]
[WhiteEloChange "7"]
[BlackElo "1824"]
[BlackTeam "VfR-SC Koblenz"]
[BlackCountry "GER"]
[BlackFideId "12971901"]
[BlackEloChange "-7"]

1. c4 {[%clk 1:30:30]} c5 {[%clk 1:30:30]} 2. Nc3 {[%clk 1:30:30]} Nc6 {[%clk
1:30:30]} 3. g3 {[%clk 1:30:30]} g6 {[%clk 1:30:30]} 4. Bg2 {[%clk 1:30:30]} Bg7
{[%clk 1:30:30]} 5. Nf3 {[%clk 1:30:30]} e5 {[%clk 1:30:30]} 6. O-O {[%clk
1:30:30]} Nge7 {[%clk 1:30:30]} 7. d3 {[%clk 1:30:30]} O-O {[%clk 1:30:30]} 8.
Rb1 {[%clk 1:30:30]} d6 {[%clk 1:30:30]} 9. a3 {[%clk 1:30:30]} a5 {[%clk
1:30:30]} 10. e3 {[%clk 1:30:30]} f5 {[%clk 1:30:30]} 11. Bd2 {[%clk 1:30:30]}
Kh8 {[%clk 1:30:30]} 12. Nb5 {[%clk 1:30:30]} h6 {[%clk 1:30:30]} 13. Bc3 {[%clk
1:30:30]} g5 {[%clk 1:30:30]} 14. d4 {[%clk 1:30:30]} g4 {[%clk 1:30:30]} 15. Ne1
{[%clk 1:30:30]} cxd4 {[%clk 1:30:30]} 16. exd4 {[%clk 1:30:30]} f4 {[%clk
1:30:30]} 17. Be4 {[%clk 1:30:30]} Nf5 {[%clk 1:30:30]} 18. dxe5 {[%clk 1:30:30]}
dxe5 {[%clk 1:30:30]} 19. Qc2 {[%clk 1:30:30]} Nfd4 {[%clk 1:30:30]} 20. Bxd4
{[%clk 1:30:30]} Nxd4 {[%clk 1:30:30]} 21. Nxd4 {[%clk 1:30:30]} Qxd4 {[%clk
1:30:30]} 22. Rd1 {[%clk 1:30:30]} Qb6 {[%clk 1:30:30]} 23. c5 {[%clk 1:30:30]}
Qc7 {[%clk 1:30:30]} 24. Ng2 {[%clk 1:30:30]} Be6 {[%clk 1:30:30]} 25. Rd6 {[%clk
1:30:30]} Bg8 {[%clk 1:30:30]} 26. Nh4 {[%clk 1:30:30]} Bf7 {[%clk 1:30:30]} 27.
Rfd1 {[%clk 1:30:30]} Rac8 {[%clk 1:30:30]} 28. b4 {[%clk 1:30:30]} axb4 {[%clk
1:30:30]} 29. axb4 {[%clk 1:30:30]} Be8 {[%clk 1:30:30]} 30. Bf5 {[%clk 1:30:30]}
Rb8 {[%clk 1:30:30]} 31. Bxg4 {[%clk 1:30:30]} Bf6 {[%clk 1:30:30]} 32. Ng6+
{[%clk 1:30:30]} Bxg6 {[%clk 1:30:30]} 33. Qxg6 {[%clk 1:30:30]} Qg7 {[%clk
1:30:30]} 34. Qxg7+ {[%clk 1:30:30]} Bxg7 {[%clk 1:30:30]} 35. Rd7 {[%clk
1:30:30]} e4 {[%clk 1:30:30]} 36. Re7 {[%clk 1:30:30]} fxg3 {[%clk 1:30:30]} 37.
hxg3 {[%clk 1:30:30]} Rfe8 {[%clk 1:30:30]} 38. Rdd7 {[%clk 1:30:30]} Bc3 {[%clk
1:30:30]} 39. Rxe8+ {[%clk 1:30:30]} Rxe8 {[%clk 1:30:30]} 40. Rxb7 {[%clk
1:30:30]} 1-0

[Event "8th Vellmar Chess Days"]
[Site "chess24.com"]
[Date "2016.07.30"]
[Round "5"]
[White "Wehr, Alexander"]
[Black "Rehbein, Ullrich"]
[Result "1/2-1/2"]
[Board "45"]
[WhiteElo "1911"]
[WhiteTeam "SK Vellmar"]
[WhiteCountry "GER"]
[WhiteFideId "24628913"]
[WhiteEloChange "-3"]
[BlackElo "1800"]
[BlackTeam "TG Wehlheiden"]
[BlackCountry "GER"]
[BlackFideId "4681037"]
[BlackEloChange "3"]

1. c4 {[%clk 1:30:30]} Nf6 {[%clk 1:30:30]} 2. Nc3 {[%clk 1:30:30]} g6 {[%clk
1:30:30]} 3. g3 {[%clk 1:30:30]} Bg7 {[%clk 1:30:30]} 4. Bg2 {[%clk 1:30:30]} O-O
{[%clk 1:30:30]} 5. Nf3 {[%clk 1:30:30]} c5 {[%clk 1:30:30]} 6. O-O {[%clk
1:30:30]} Nc6 {[%clk 1:30:30]} 7. d4 {[%clk 1:30:30]} cxd4 {[%clk 1:30:30]} 8.
Nxd4 {[%clk 1:30:30]} Nxd4 {[%clk 1:30:30]} 9. Qxd4 {[%clk 1:30:30]} d6 {[%clk
1:30:30]} 10. Qd3 {[%clk 1:30:30]} Rb8 {[%clk 1:30:30]} 11. Rb1 {[%clk 1:30:30]}
Bd7 {[%clk 1:30:30]} 12. b3 {[%clk 1:30:30]} Bc6 {[%clk 1:30:30]} 13. Nd5 {[%clk
1:30:30]} a6 {[%clk 1:30:30]} 14. Bb2 {[%clk 1:30:30]} Nxd5 {[%clk 1:30:30]} 15.
Bxd5 {[%clk 1:30:30]} Bxd5 {[%clk 1:30:30]} 16. cxd5 {[%clk 1:30:30]} Bxb2 {[%clk
1:30:30]} 17. Rxb2 {[%clk 1:30:30]} Rc8 {[%clk 1:30:30]} 18. Rc2 {[%clk 1:30:30]}
Rxc2 {[%clk 1:30:30]} 1/2-1/2